| 000 | 00379cam a2200145ua 4500 | ||
|---|---|---|---|
| 041 |
_aeng _h |
||
| 082 |
_a692.5 _bHOU/ES |
||
| 100 | _aHoughten, P S . | ||
| 245 |
_aEstimating and Planing for Engineering Production / _cP S Houghten. _hTextual Documents |
||
| 260 |
_a : _bBlaekie and Son Ltd , _c1950. |
||
| 300 | _a366 ; . | ||
| 504 | _a | ||
| 942 | _cBK | ||
| 999 |
_c3257 _d3257 |
||